000
002920000a22000970004500
100
1
_a
Bradford, R.W.
245
1
0
_a
Today's war on property : The war on drugs is destroying traditional freedoms
300
_a
Vol. 47, Num. 2 (Febrero, 1997), Páginas 93-95
773
0
_t
The Freeman
942
_c
ANA
999
_c
56648
_d
56648